ბათუმის შოთა რუსთაველის სახელმწიფო უნივერსიტეტის ბიბლიოთეკა

Гипертексты в экономике, информационная технология моделирования (ბიბ.ჩანაწერი № 36948)

000 -LEADER
fixed length control field 01102nam a2200277Ia 4500
001 - CONTROL NUMBER
control field 2899
003 - CONTROL NUMBER IDENTIFIER
control field GE_BSU
005 - DATE AND TIME OF LATEST TRANSACTION
control field 20221102151218.0
008 - FIXED-LENGTH DATA ELEMENTS--GENERAL INFORMATION
fixed length control field 181216s1997ru xx |||||||||||||| ||rus||
020 ## - INTERNATIONAL STANDARD BOOK NUMBER
International Standard Book Number 5279015938
040 ## - CATALOGING SOURCE
Transcribing agency GE_BSU
041 ## - LANGUAGE CODE
Language code of text/sound track or separate title rus
080 ## - UNIVERSAL DECIMAL CLASSIFICATION NUMBER
Universal Decimal Classification number 33(075.8)+519.767+681.518 М-80
100 ## - MAIN ENTRY--PERSONAL NAME
Personal name Морозов, В.П.
9 (RLIN) 15740
245 ## - TITLE STATEMENT
Title Гипертексты в экономике, информационная технология моделирования
Remainder of title Учебное пособие /
Statement of responsibility, etc. В.П. Морозов, В.П Тихомиров, Е.Ю. Хрусталев, ред. Л.А.Табакова.
264 ## - PRODUCTION, PUBLICATION, DISTRIBUTION, MANUFACTURE, AND COPYRIGHT NOTICE
Place of production, publication, distribution, manufacture Москва,
Date of production, publication, distribution, manufacture, or copyright notice 1997.
300 ## - PHYSICAL DESCRIPTION
Extent 256 с.:
Other physical details 20 см.
653 ## - INDEX TERM--UNCONTROLLED
keyword Гипертексты в экономике
653 ## - INDEX TERM--UNCONTROLLED
keyword информационная технология
653 ## - INDEX TERM--UNCONTROLLED
keyword Экономика
653 ## - INDEX TERM--UNCONTROLLED
keyword ეკონომიკა
700 ## - ADDED ENTRY--PERSONAL NAME
Personal name Тихомиров, В.П.
9 (RLIN) 15741
700 ## - ADDED ENTRY--PERSONAL NAME
Personal name Хрусталев, Е.Ю.
9 (RLIN) 15742
700 ## - ADDED ENTRY--PERSONAL NAME
Personal name Табакова, Л.А.
Relator term რედაქტორი
9 (RLIN) 15743
942 ## - ADDED ENTRY ELEMENTS (KOHA)
Koha item type წიგნი
Source of classification or shelving scheme
ეგზემპლარები
Withdrawn status Lost status Source of classification or shelving scheme Damaged status Not for loan Permanent Location Current Location Shelving location Date acquired Cost, normal purchase price Full call number Barcode Date last seen Copy number Price effective from Koha item type Public note
          ბათუმის შოთა რუსთაველის სახელმწიფო უნივერსიტეტის მთავარი ბიბლიოთეკა ბათუმის შოთა რუსთაველის სახელმწიფო უნივერსიტეტის მთავარი ბიბლიოთეკა წიგნსაცავი 2018-12-17 6.00 33(075.8)+519.767+681.518 М-80 7815 2018-12-17 7815 2018-12-17 წიგნი 6.00
          ბათუმის შოთა რუსთაველის სახელმწიფო უნივერსიტეტის მთავარი ბიბლიოთეკა ბათუმის შოთა რუსთაველის სახელმწიფო უნივერსიტეტის მთავარი ბიბლიოთეკა წიგნსაცავი 2018-12-17 6.00 33(075.8)+519.767+681.518 М-80 7816 2018-12-17 7816 2018-12-17 წიგნი 6.00
          ბათუმის შოთა რუსთაველის სახელმწიფო უნივერსიტეტის მთავარი ბიბლიოთეკა ბათუმის შოთა რუსთაველის სახელმწიფო უნივერსიტეტის მთავარი ბიბლიოთეკა წიგნსაცავი 2018-12-17 6.00 33(075.8)+519.767+681.518 М-80 8123 2018-12-17 8123 2018-12-17 წიგნი 6.00
          ბათუმის შოთა რუსთაველის სახელმწიფო უნივერსიტეტის მთავარი ბიბლიოთეკა ბათუმის შოთა რუსთაველის სახელმწიფო უნივერსიტეტის მთავარი ბიბლიოთეკა წიგნსაცავი 2018-12-17 6.00 33(075.8)+519.767+681.518 М-80 8124 2018-12-17 8124 2018-12-17 წიგნი 6.00
          ბათუმის შოთა რუსთაველის სახელმწიფო უნივერსიტეტის მთავარი ბიბლიოთეკა ბათუმის შოთა რუსთაველის სახელმწიფო უნივერსიტეტის მთავარი ბიბლიოთეკა წიგნსაცავი 2018-12-17 6.00 33(075.8)+519.767+681.518 М-80 8125 2018-12-17 8125 2018-12-17 წიგნი 6.00
          ბათუმის შოთა რუსთაველის სახელმწიფო უნივერსიტეტის მთავარი ბიბლიოთეკა ბათუმის შოთა რუსთაველის სახელმწიფო უნივერსიტეტის მთავარი ბიბლიოთეკა წიგნსაცავი 2018-12-17 6.00 33(075.8)+519.767+681.518 М-80 8126 2018-12-17 8126 2018-12-17 წიგნი 6.00
          ბათუმის შოთა რუსთაველის სახელმწიფო უნივერსიტეტის მთავარი ბიბლიოთეკა ბათუმის შოთა რუსთაველის სახელმწიფო უნივერსიტეტის მთავარი ბიბლიოთეკა წიგნსაცავი 2018-12-17 6.00 33(075.8)+519.767+681.518 М-80 8127 2018-12-17 8127 2018-12-17 წიგნი 6.00
          ბათუმის შოთა რუსთაველის სახელმწიფო უნივერსიტეტის მთავარი ბიბლიოთეკა ბათუმის შოთა რუსთაველის სახელმწიფო უნივერსიტეტის მთავარი ბიბლიოთეკა წიგნსაცავი 2018-12-17 6.00 33(075.8)+519.767+681.518 М-80 8128 2018-12-17 8128 2018-12-17 წიგნი 6.00